000 00668nam a2200217Ia 4500
999 _c49858
_d49858
001 16793
003 GE_BSU
005 20200131103521.0
008 181216s2007||||fr |||||||||||||| ||fre||
020 _a9782011555168
080 _a811.133.1 D-70
100 _aDollez,Catherine.
_96563
245 _aAlter Ego. B2 :
_bMethode de Frangais 4 : /
_cCatherine Dollez ; Sylvie Pons.
264 _aParis :
_bHachette,
_c2007.
300 _a192 p.;
_b ill.
_c28 cm.
_e+CD eleve
653 _aAlter Ego. Methode de Frangais 4
653 _aგრამატიკა
653 _aფრანგული ენა
700 _a Pons, Sylvie
_96564
942 _cBK
_2udc